| 000 | 00442nam a2200157Ia 4500 | ||
|---|---|---|---|
| 003 | OSt | ||
| 005 | 20201007112624.0 | ||
| 008 | 190216s9999||||xx |||||||||||||| ||und|| | ||
| 040 | _coclc | ||
| 082 |
_a005.268 _bBRO/V |
||
| 100 |
_aBrown, Steve _95365 |
||
| 245 | 0 |
_aVisual Basic 6 / _cSteve Brown |
|
| 260 |
_bBpb Publications, _c1998. _aNew Delhi: |
||
| 300 | _a659p | ||
| 942 |
_cBK _2ddc _h005.268 _iBRO/V _k005.268 _mBRO/V |
||
| 999 |
_c8663 _d8663 |
||